000 00490nam a2200157Ia 4500
008 160316s1996 xxu||||| |||| 00| 0 eng d
082 _a346.048000
_bMCC-V-3
100 _aMcCarthy J Thomas
245 _aTrademarks and unfair competition Vol. V
250 _a
260 _aSt.Paul,Minn.
_bWest Group
_c1996
300 _a33-10
_b
_c
365 _b
650 _a1. Intellectual Property Law - Trade Marks - U S A 2. Intellectual Property Law - Unfair Competition - U S A
700 _a
_a
999 _c16710
_d16710